Uczestnicy EURO - Statystyki

Ogólne statystyki
  • Ten quiz został rozwiązany 278 razy
  • Średni wynik to 30 z 35
Statystyki odpowiedzi
Reprezentacje % Poprawnych
Polska
99%
Niemcy
96%
Rosja
96%
Hiszpania
95%
Portugalia
95%
Włochy
95%
Anglia
94%
Czechy
94%
Francja
94%
Słowacja
93%
Szwecja
93%
Ukraina
93%
Belgia
90%
Holandia
90%
Finlandia
89%
Dania
88%
Szwajcaria
88%
Austria
85%
Irlandia
85%
Słowenia
85%
Chorwacja
83%
Norwegia
83%
Serbia
83%
Turcja
83%
Grecja
82%
Walia
82%
Szkocja
81%
Albania
80%
Węgry
78%
Rumunia
76%
Islandia
75%
Macedonia Północna
75%
Bułgaria
74%
Irlandia Północna
71%
Łotwa
68%
Nie znaleziono quizów pasujących do podanych kryteriów
Rozkład punktacji
Procent ludzi z każdym wynikiem
Percentyl według liczby udzielonych odpowiedzi
Twoja historia wyników
Nie rozwiązałeś tego quizu